Memòria 2003 : pla d'assistència en tecnologies de la informació pla d'assistència en tecnologies de la informació
Descripción Física:
74 p., [11] f. : gràf. ; 30 cm
MARC
| LEADER | 00000nam a2200000Ia 4500 | ||
|---|---|---|---|
| 001 | 21718 | ||
| 003 | BGR | ||
| 005 | 20260324180100.0 | ||
| 008 | 160829s2003 xx 000 0 cat d | ||
| 080 | |a C-3-213 | ||
| 245 | |a Memòria 2003 : |b pla d'assistència en tecnologies de la informació | ||
| 260 | |a Barcelona : |b Diputació de Barcelona, Institut Català de Tecnologia, |c 2003 | ||
| 300 | |a 74 p., [11] f. : |b gràf. ; |c 30 cm | ||
| 650 | |a Institut Català de Tecnologia |x Memòries |9 45792 | ||
| 650 | |a Ofimàtica |9 36596 | ||
| 650 | |a Telemàtica |9 36597 | ||
| 650 | |a Municipis |x Govern i administració |x Barcelona (Província) |x Informàtica |9 20727 | ||
| 710 | 1 | |a Barcelona (Catalunya : Província). |b Diputació |9 52408 | |
| 710 | 2 | |a Institut Català de Tecnologia |9 71088 | |
| 901 | |a Arxiu | ||
| 942 | |n 1 |2 udc |c MON | ||
| 952 | |0 0 |1 0 |4 0 |6 C3213 |7 1 |9 52808 |a Arxiu |b Arxiu |d 2016-12-01 |l 0 |o C-3-213 |p 21718 |r 2016-12-01 00:00:00 |w 2016-12-01 |y ARXIU | ||
| 999 | |c 56657 |d 56657 | ||